| 000 | 00831nam a22002177a 4500 | ||
|---|---|---|---|
| 003 | 0 | ||
| 005 | 20250310155038.0 | ||
| 008 | 250225b xxu||||| |||| 00| 0 eng d | ||
| 050 |
_aPN 2911.5 _b.F175 1989 |
||
| 100 |
_aFajardo, Brenda, _eauthor. |
||
| 245 |
_aBITAW : _bbasic integrated theater arts workshop / _cBrenda Fajardo, Socrates Topacio. |
||
| 260 |
_a Quezon City : _bPhilippine Educational Theater Association, _cc1989. |
||
| 300 |
_a123 pages : _billustrations ; _c28 cm. |
||
| 440 |
_aPETA workshop manual series ; _v1. |
||
| 504 | _aIncludes index. | ||
| 650 |
_aTheater _xStudy and teaching _zPhilippines. |
||
| 650 |
_aCommunity theater _xStudy and teaching _zPhilippines. |
||
| 650 |
_aTheater _xProduction and direction _vStudy and teaching _zPhilippines. |
||
| 700 |
_aTopacio, Socrates, _eauthor. |
||
| 942 |
_2lcc _cBK |
||
| 999 |
_c367265 _d367265 |
||